El Elemento mercantil y la universalización del Derecho en los pueblos mediterráneos durante la Edad Media / por José María Boix
Descripción Física:
25 p. ; 24 cm
MARC
| LEADER | 00000nam a2200000Ia 4500 | ||
|---|---|---|---|
| 001 | 18627 | ||
| 008 | 160829s1912 xx 000 0 cat d | ||
| 080 | |a RF-3-45 | ||
| 100 | |a Boix i Raspall, Josep M. |9 38380 | ||
| 245 | |a El Elemento mercantil y la universalización del Derecho en los pueblos mediterráneos durante la Edad Media / por José María Boix | ||
| 260 | |a Barcelona : |b Barcelonesa, |c 1912 | ||
| 300 | |a 25 p. ; |c 24 cm | ||
| 590 | |a Tesi per a optar al grau de Doctor en Dret i Ciències Socials. | ||
| 590 | |a Prové de 3266 | ||
| 650 | |a Dret mercantil |x Història - Fins al 1500 |9 47345 | ||
| 650 | |a Dret internacional |x Història - Fins al 1500 |9 47346 | ||
| 856 | 4 | |u https://media.diba.cat/diba/fitxers/arxiu/fulletons/bib_18627_1912_baixa.pdf |y Accés lliure | |
| 856 | 4 | |u https://media.diba.cat/diba/fitxers/arxiu/fulletons/bib_18627_1912_baixa.pdf |y Accés lliure | |
| 901 | |a Arxiu | ||
| 942 | |n 1 |2 udc | ||
| 952 | |0 0 |1 0 |4 0 |6 RF345 |7 1 |9 53825 |a Arxiu |b Arxiu |d 2016-12-01 |l 0 |o RF-3-45 |p 18627 |r 2016-12-01 00:00:00 |w 2016-12-01 |y ARXIU | ||
| 999 | |c 57691 |d 57691 | ||
| 900 | |a bib_18627_1912_baixa.pdf | ||